[Event "TCh-FRA Top 12 2018"]
[Site "Brest FRA"]
[Date "2018.06.02"]
[Round "8.1"]
[Board "7"]
[White "Vitoux, Colomban"]
[Black "Apicella, Manuel"]
[Result "1/2-1/2"]
[WhiteTitle "IM"]
[BlackTitle "GM"]
[WhiteElo "2384"]
[BlackElo "2513"]
[WhiteTeam "Metz Fischer"]
[BlackTeam "GRASSE Echecs"]
[WhiteFideId "628549"]
[BlackFideId "600164"]
[EventDate "2018.05.26"]

1. e4 e6 2. d4 d5 3. Nc3 Bb4 4. Ne2 dxe4 5. a3 Be7 6. Nxe4 Nf6 7. Qd3 Nxe4 8.
Qxe4 Nc6 9. Bf4 O-O 10. O-O-O Bf6 11. Ng3 Qd5 12. Qxd5 exd5 13. c3 Bd8 14. Bd3 1/2-1/2

[Event "TCh-FRA Top 12 2018"]
[Site "Brest FRA"]
[Date "2018.06.02"]
[Round "8.1"]
[Board "8"]
[White "Libiszewski, Fabien"]
[Black "Benmesbah, Natacha"]
[Result "1-0"]
[WhiteTitle "GM"]
[BlackTitle "WIM"]
[WhiteElo "2504"]
[BlackElo "2264"]
[WhiteTeam "GRASSE Echecs"]
[BlackTeam "Metz Fischer"]
[WhiteFideId "616834"]
[BlackFideId "642002"]
[EventDate "2018.05.26"]

1. e4 c5 2. Nf3 d6 3. d4 cxd4 4. Qxd4 a6 5. h3 Nc6 6. Qe3 e6 7. c4 Nf6 8. Be2
Be7 9. O-O O-O 10. Rd1 Qc7 11. Nc3 b6 12. b3 Nb4 13. Qd2 d5 14. exd5 exd5 15.
Nxd5 Nbxd5 16. cxd5 Rd8 17. Bb2 Rxd5 18. Qe1 Bb7 19. Rac1 Rc5 20. Bd4 Rxc1 21.
Rxc1 Qd8 22. Rd1 Qc7 23. Be5 Qc2 24. Rc1 Qe4 25. Rc4 Qd5 26. Rc7 Kf8 27. Bxf6
gxf6 28. Bxa6 Bxa6 29. Qxe7+ Kg8 30. Rd7 Qc6 31. Qxf7+ 1-0

[Event "TCh-FRA Top 12 2018"]
[Site "Brest FRA"]
[Date "2018.06.02"]
[Round "8.2"]
[Board "1"]
[White "Cornette, Matthieu"]
[Black "Kveinys, Aloyzas"]
[Result "1/2-1/2"]
[WhiteTitle "GM"]
[BlackTitle "GM"]
[WhiteElo "2600"]
[BlackElo "2493"]
[WhiteTeam "C.E. de BOIS COLOMBES"]
[BlackTeam "Les Tours de Haute Picardie, SAINT QUENTIN"]
[WhiteFideId "620084"]
[BlackFideId "12800040"]
[EventDate "2018.05.26"]

1. e4 e5 2. Nf3 Nf6 3. Nxe5 d6 4. Nf3 Nxe4 5. Nc3 Nxc3 6. dxc3 Nc6 7. Be3 Be7 8.
Bd3 Be6 9. Qe2 Ne5 10. Nxe5 dxe5 11. O-O-O c6 12. Kb1 Qa5 13. Bc4 Bxc4 14. Qxc4
h5 15. Rhe1 Rd8 16. Rxd8+ Qxd8 17. f4 Rh6 18. fxe5 Rg6 19. g3 Re6 20. Rf1 Qd5
21. Qxd5 cxd5 22. Bxa7 Rxe5 23. Bd4 Re2 24. Bxg7 Rxh2 25. a4 Bd6 26. Re1+ Kd7
27. Be5 f6 28. Bxd6 Kxd6 29. Re8 h4 30. gxh4 Rxh4 31. b4 f5 32. a5 f4 33. Kc1
Rh7 34. Kd2 Rf7 35. Ke2 Rc7 36. Kd3 Rf7 37. Ke2 Rc7 38. Kd3 Rf7 39. Re2 f3 40.
Rf2 Rf4 41. Ke3 Rc4 1/2-1/2

[Event "TCh-FRA Top 12 2018"]
[Site "Brest FRA"]
[Date "2018.06.02"]
[Round "8.2"]
[Board "2"]
[White "David, Alberto"]
[Black "Miton, Kamil"]
[Result "1/2-1/2"]
[WhiteTitle "GM"]
[BlackTitle "GM"]
[WhiteElo "2563"]
[BlackElo "2604"]
[WhiteTeam "Les Tours de Haute Picardie, SAINT QUENTIN"]
[BlackTeam "C.E. de BOIS COLOMBES"]
[WhiteFideId "4000013"]
[BlackFideId "1111914"]
[EventDate "2018.05.26"]

1. e4 e5 2. Nf3 Nf6 3. Nxe5 d6 4. Nf3 Nxe4 5. d3 Nf6 6. d4 d5 7. Bd3 Bd6 8. Qe2+
Qe7 9. Qxe7+ Kxe7 10. O-O Nc6 11. Re1+ Kf8 12. c3 Bg4 13. Nh4 Ne7 14. Nd2 h6 15.
h3 Be6 16. Nb3 b6 17. Be3 1/2-1/2

[Event "TCh-FRA Top 12 2018"]
[Site "Brest FRA"]
[Date "2018.06.02"]
[Round "8.2"]
[Board "3"]
[White "Laznicka, Viktor"]
[Black "Colin, Vincent"]
[Result "1-0"]
[WhiteTitle "GM"]
[BlackTitle "IM"]
[WhiteElo "2671"]
[BlackElo "2386"]
[WhiteTeam "C.E. de BOIS COLOMBES"]
[BlackTeam "Les Tours de Haute Picardie, SAINT QUENTIN"]
[WhiteFideId "316385"]
[BlackFideId "612324"]
[EventDate "2018.05.26"]

1. d4 Nf6 2. c4 g6 3. Nf3 Bg7 4. Nc3 O-O 5. g3 d6 6. Bg2 Nc6 7. O-O Rb8 8. e3 a6
9. Qe2 e6 10. Rd1 Bd7 11. b3 Re8 12. Bb2 e5 13. dxe5 dxe5 14. Ng5 h6 15. Nge4
Nxe4 16. Nxe4 Qc8 17. Rd2 Bg4 18. Qf1 f5 19. h3 Bh5 20. Nc5 Ne7 21. Qc1 e4 22.
Bxg7 Kxg7 23. Qc3+ Kf7 24. Nd7 Ra8 25. Qf6+ Kg8 26. Nc5 1-0

[Event "TCh-FRA Top 12 2018"]
[Site "Brest FRA"]
[Date "2018.06.02"]
[Round "8.2"]
[Board "4"]
[White "Chabanon, Jean-Luc"]
[Black "Zhigalko, Sergei"]
[Result "0-1"]
[WhiteTitle "GM"]
[BlackTitle "GM"]
[WhiteElo "2450"]
[BlackElo "2606"]
[WhiteTeam "Les Tours de Haute Picardie, SAINT QUENTIN"]
[BlackTeam "C.E. de BOIS COLOMBES"]
[WhiteFideId "600075"]
[BlackFideId "13502956"]
[EventDate "2018.05.26"]

1. Nf3 Nf6 2. c4 e6 3. Nc3 Bb4 4. Qc2 O-O 5. a3 Bxc3 6. Qxc3 d6 7. b4 e5 8. Bb2
Re8 9. d3 Bg4 10. e3 Bxf3 11. gxf3 Nbd7 12. Bh3 Nf8 13. O-O-O a5 14. d4 axb4 15.
axb4 e4 16. Bg2 d5 17. fxe4 Nxe4 18. Bxe4 dxe4 19. d5 f6 20. c5 Qd7 21. d6 cxd6
22. Rxd6 Qxd6 23. cxd6 Rac8 24. Rd1 Rxc3+ 25. Bxc3 Nd7 26. Rd4 Kf7 27. Rc4 b5
28. Rc6 Ra8 29. Rc7 Ke6 30. Rb7 Rb8 31. Ra7 Rb6 32. Bd4 Rxd6 33. Rb7 Rd5 34. Kd2
Rh5 35. Ke2 Kd6 36. Kf1 Kc6 37. Ra7 Rxh2 38. Ra6+ Kd5 39. Ra7 Ke6 40. Ra6+ Ke7
41. Ra7 Rh5 42. Bc5+ Ke6 43. Ra6+ Kf5 44. Ra5 Kg4 45. Rxb5 Kf3 46. Ke1 Rd5 47.
Ra5 Ne5 48. Bd4 Nd3+ 0-1

[Event "TCh-FRA Top 12 2018"]
[Site "Brest FRA"]
[Date "2018.06.02"]
[Round "8.2"]
[Board "5"]
[White "Shoker, Samy"]
[Black "Marcelin, Cyril"]
[Result "1-0"]
[WhiteTitle "GM"]
[BlackTitle "GM"]
[WhiteElo "2475"]
[BlackElo "2462"]
[WhiteTeam "C.E. de BOIS COLOMBES"]
[BlackTeam "Les Tours de Haute Picardie, SAINT QUENTIN"]
[WhiteFideId "627143"]
[BlackFideId "607274"]
[EventDate "2018.05.26"]

1. g3 d5 2. Bg2 e5 3. c4 c6 4. Qa4 dxc4 5. Qxc4 Nf6 6. Nf3 e4 7. Ng5 Qd5 8. d3
Qxc4 9. dxc4 Bb4+ 10. Bd2 Bxd2+ 11. Nxd2 e3 12. fxe3 Ng4 13. Bh3 Ke7 14. O-O f6
15. Bxg4 Bxg4 16. Rf4 h5 17. Re4+ Kd7 18. h3 Bf5 19. Rf4 Bg6 20. Ngf3 Na6 21.
Nb3 Rae8 22. Kf2 Re7 23. Rc1 Rhe8 24. Rc3 Kc8 25. a3 Nc7 26. Nbd4 Ne6 27. Nxe6
Rxe6 28. Rd4 Bf5 29. Rh4 Bg6 30. c5 R6e7 31. Nd2 Bf7 32. Rd4 Bd5 33. e4 Be6 34.
h4 Rd8 35. e3 Bf7 36. b4 Rde8 37. a4 a6 38. Kf3 Be6 39. Rd6 Kc7 40. Kf2 Bf7 41.
Kf3 Be6 42. Rcd3 Bg4+ 43. Kf2 Be6 44. a5 Kc8 45. R3d4 Bf7 46. Rd3 Be6 47. R6d4
Bf7 48. Ra3 Kc7 49. Ra1 Be6 50. Rg1 Kc8 51. Ke2 Bg4+ 52. Kd3 Be6 53. Kc3 Kc7 54.
Kb2 Kc8 55. Rf1 Kc7 56. Rf2 Kc8 57. Nb1 Kc7 58. Nc3 Bg4 59. Kc2 Re5 60. Kd3 R5e7
61. Na4 Be6 62. Nb6 Kb8 63. Kc3 Kc7 64. Kb2 Kb8 65. Rfd2 Kc7 66. Kc3 Bh3 67. Kd3
Rxe4 68. Na8+ Kc8 69. Nb6+ Kc7 70. Rxe4 Bf5 71. Ke2 Rxe4 72. Na8+ Kc8 73. Nb6+
Kc7 74. Rd4 Re7 75. Nc4 Bg4+ 76. Kf2 Bh3 77. Nd6 Bg4 78. e4 Be6 79. Rd2 Kb8 80.
Ke3 Kc7 81. Kf4 Bg4 82. Rd4 g6 83. Rd2 Bd7 84. Rf2 Kb8 85. Ke3 f5 86. Kd4 fxe4
87. Rf8+ Kc7 88. Nxe4 Bf5 89. Nd6 Bd7 90. Rg8 Bf5 91. Re8 Rg7 92. Ke5 Bd7 93.
Kf6 Rh7 94. Kxg6 1-0

[Event "TCh-FRA Top 12 2018"]
[Site "Brest FRA"]
[Date "2018.06.02"]
[Round "8.2"]
[Board "6"]
[White "Godart, Francois"]
[Black "Dionisi, Thomas"]
[Result "1-0"]
[WhiteTitle "IM"]
[BlackTitle "FM"]
[WhiteElo "2420"]
[BlackElo "2399"]
[WhiteTeam "Les Tours de Haute Picardie, SAINT QUENTIN"]
[BlackTeam "C.E. de BOIS COLOMBES"]
[WhiteFideId "208078"]
[BlackFideId "651893"]
[EventDate "2018.05.26"]

1. d4 f5 2. Bf4 Nf6 3. e3 g6 4. h4 h6 5. Nc3 Bg7 6. Qf3 d6 7. Qg3 Kf7 8. O-O-O
Nh5 9. Qf3 c6 10. Bd3 Rf8 11. Nge2 Kg8 12. Rhg1 Qd7 13. e4 fxe4 14. Qxe4 Qg4 15.
g3 e5 16. dxe5 dxe5 17. Be3 Kh7 18. Bc5 Rf7 19. Bc4 Rd7 20. Qxg4 Rxd1+ 21. Rxd1
Bxg4 22. Rd8 Bf6 23. Rg8 b5 24. Bf7 a5 25. Rxg6 Bxe2 26. Nxe2 Nd7 27. Be3 Bg7
28. Rxc6 Nhf6 29. Rc7 e4 30. Nc3 Ne5 31. Bd4 1-0

[Event "TCh-FRA Top 12 2018"]
[Site "Brest FRA"]
[Date "2018.06.02"]
[Round "8.2"]
[Board "7"]
[White "Travadon, Loic"]
[Black "Geenen, Marc"]
[Result "1/2-1/2"]
[WhiteTitle "FM"]
[BlackTitle "FM"]
[WhiteElo "2377"]
[BlackElo "2238"]
[WhiteTeam "C.E. de BOIS COLOMBES"]
[BlackTeam "Les Tours de Haute Picardie, SAINT QUENTIN"]
[WhiteFideId "26092131"]
[BlackFideId "200085"]
[EventDate "2018.05.26"]

1. d4 d5 2. c4 dxc4 3. Nf3 Nf6 4. e3 e6 5. Bxc4 c5 6. O-O Nc6 7. Qe2 cxd4 8.
exd4 Be7 9. Nc3 O-O 10. Rd1 Na5 11. Bd3 b6 12. Bg5 Bb7 13. Rac1 Rc8 14. Bb1 h6
15. Bh4 Nc4 16. Ne5 Nd6 17. Bxf6 Bxf6 18. f4 g6 19. Qg4 Qe7 20. Re1 Nf5 21. Bxf5
exf5 22. Qh3 Qb4 23. Kh1 1/2-1/2

[Event "TCh-FRA Top 12 2018"]
[Site "Brest FRA"]
[Date "2018.06.02"]
[Round "8.2"]
[Board "8"]
[White "Bolon, Karelle"]
[Black "Leconte, Maria"]
[Result "1/2-1/2"]
[WhiteTitle "WFM"]
[BlackTitle "WGM"]
[WhiteElo "1994"]
[BlackElo "2208"]
[WhiteTeam "Les Tours de Haute Picardie, SAINT QUENTIN"]
[BlackTeam "C.E. de BOIS COLOMBES"]
[WhiteFideId "634514"]
[BlackFideId "618446"]
[EventDate "2018.05.26"]

1. e4 e6 2. d4 c5 3. d5 e5 4. f4 d6 5. Nf3 Nd7 6. Bb5 a6 7. Bxd7+ Bxd7 8. fxe5
dxe5 9. O-O Bd6 10. c4 f6 11. Nc3 g6 12. Be3 Qc7 13. a3 O-O-O 14. Qe2 Kb8 15. b4
cxb4 16. axb4 Bxb4 17. Nb5 Bxb5 18. cxb5 a5 19. b6 Qd7 20. Rfb1 Qd6 21. Nd2 Rc8
22. Nc4 Rxc4 23. Qxc4 Ne7 24. Rc1 Rc8 25. Qb5 f5 26. Rxc8+ Nxc8 27. Rc1 Qd8 28.
exf5 gxf5 29. Rc7 Nd6 30. Qa4 Qh4 31. Bf2 Qe4 32. Rc1 Be1 33. Qxe4 Bxf2+ 34.
Kxf2 Nxe4+ 35. Ke3 Nd6 36. Kd3 a4 37. Ra1 Nc8 38. Rxa4 Nxb6 39. Ra5 Kc7 40. Rb5
Nd7 41. Rb1 Nf6 42. Rf1 f4 43. Rc1+ Kd6 44. Rb1 Kxd5 45. Rxb7 e4+ 46. Ke2 Ke5
47. Rb5+ Nd5 48. Rb7 Nf6 49. Rb5+ 1/2-1/2

[Event "TCh-FRA Top 12 2018"]
[Site "Brest FRA"]
[Date "2018.06.02"]
[Round "8.3"]
[Board "1"]
[White "Solodovnichenko, Yuri"]
[Black "Moussard, Jules"]
[Result "0-1"]
[WhiteTitle "GM"]
[BlackTitle "GM"]
[WhiteElo "2531"]
[BlackElo "2570"]
[WhiteTeam "VANDOEUVRE-Echecs"]
[BlackTeam "Evry Grand Roque"]
[WhiteFideId "14104369"]
[BlackFideId "642908"]
[EventDate "2018.05.26"]

1. e4 c6 2. d4 d5 3. exd5 cxd5 4. c4 Nf6 5. Nc3 g6 6. cxd5 Bg7 7. Bc4 Nbd7 8. d6
exd6 9. Qe2+ Qe7 10. Bf4 Qxe2+ 11. Ngxe2 Nb6 12. Bb3 Ke7 13. O-O Rd8 14. Rfe1
Be6 15. d5 Nbxd5 16. Bg5 Nxc3 17. Nxc3 Kf8 18. Ne4 Nxe4 19. Bxd8 Bxb2 20. Rab1
Bxb3 21. Rxb2 Rxd8 22. Rxb3 Nc5 23. Rh3 d5 24. Rxh7 Kg8 25. Rh3 d4 26. Kf1 d3
27. Rh4 b5 28. Rb4 Na4 29. Rxa4 bxa4 30. Rd1 g5 31. a3 f5 32. Ke1 Re8+ 33. Kf1
Rd8 34. Ke1 Kf7 35. Kd2 Rb8 36. Ke3 Ke6 37. g3 g4 38. Rxd3 Rb3 39. Kd4 Kf6 40.
Rc3 Rb2 41. f4 Rd2+ 42. Ke3 Rxh2 43. Rc6+ Ke7 44. Ra6 Rg2 45. Kd4 Rxg3 46. Rxa4
Rb3 47. Rxa7+ Kf6 48. Ra6+ Kf7 49. a4 g3 50. Rc6 Rf3 51. Rc1 Kg6 52. Ra1 Rxf4+
53. Kd3 Rf3+ 54. Kd4 Kg5 55. a5 Kg4 56. a6 g2 57. a7 Rf1 58. Rxf1 gxf1=Q 59.
a8=Q Qf4+ 60. Kc5 Qe5+ 61. Kb6 Qd4+ 62. Kc7 Qc3+ 63. Kb6 Qb2+ 64. Kc7 Qc2+ 65.
Kb6 f4 66. Qg8+ Kh3 67. Qh8+ Kg2 68. Qg7+ Kf3 69. Ka7 Qe4 70. Kb8 Qb4+ 71. Ka8
Qa3+ 72. Kb8 Qd6+ 73. Ka8 Ke4 74. Qh7+ Ke3 75. Qa7+ Qd4 76. Qa3+ Ke2 77. Qa2+
Kf3 78. Qb3+ Qe3 79. Qb2 Qe8+ 80. Kb7 Qe7+ 81. Ka8 Kg3 82. Qa1 Qe4+ 83. Kb8 Qb4+
84. Ka8 Qe4+ 85. Kb8 f3 86. Qg1+ Kf4 87. Qf2 Kg4 88. Ka7 Qe2 89. Qd4+ Kg3 90.
Qd6+ Kg2 91. Qg6+ Kf2 92. Qb6+ Qe3 93. Ka8 Ke2 94. Qb2+ Kf1 95. Qb1+ Ke2 96.
Qc2+ Kf1 97. Qb1+ Qe1 98. Qd3+ Kg2 99. Qc2+ Qf2 100. Qe4 Qg3 101. Qd5 Qg4 102.
Ka7 Qf4 103. Ka8 Kg1 104. Qd1+ Kh2 105. Qc2+ f2 106. Ka7 Qg3 107. Qd2 Qg7+ 108.
Kb8 Qe5+ 109. Ka8 Kg1 0-1

[Event "TCh-FRA Top 12 2018"]
[Site "Brest FRA"]
[Date "2018.06.02"]
[Round "8.3"]
[Board "3"]
[White "Bailet, Pierre"]
[Black "Oratovsky, Michael"]
[Result "1/2-1/2"]
[WhiteTitle "IM"]
[BlackTitle "GM"]
[WhiteElo "2501"]
[BlackElo "2456"]
[WhiteTeam "VANDOEUVRE-Echecs"]
[BlackTeam "Evry Grand Roque"]
[WhiteFideId "655830"]
[BlackFideId "2802090"]
[EventDate "2018.05.26"]

1. d4 d6 2. Nf3 Nf6 3. c4 g6 4. Nc3 Bf5 5. d5 Bg7 6. Nd4 Bd7 7. e4 O-O 8. Be2 e6
9. dxe6 fxe6 10. O-O Na6 11. Bg5 e5 12. Nc2 Nc5 13. Be3 Kh8 14. f3 a5 15. Rf2
Nh5 16. g3 b6 17. Bf1 Rf7 18. Bg2 Be6 19. b3 Qd7 20. Qd2 Raf8 1/2-1/2

[Event "TCh-FRA Top 12 2018"]
[Site "Brest FRA"]
[Date "2018.06.02"]
[Round "8.3"]
[Board "4"]
[White "Hauchard, Arnaud"]
[Black "Hamitevici, Vladimir"]
[Result "1/2-1/2"]
[WhiteTitle "GM"]
[BlackTitle "GM"]
[WhiteElo "2535"]
[BlackElo "2508"]
[WhiteTeam "Evry Grand Roque"]
[BlackTeam "VANDOEUVRE-Echecs"]
[WhiteFideId "600113"]
[BlackFideId "13902393"]
[EventDate "2018.05.26"]

1. Nf3 c5 2. g3 Nc6 3. Bg2 g6 4. c4 Bg7 5. Nc3 d6 6. O-O Bf5 7. d3 Qd7 8. Bd2
Bh3 9. Bxh3 Qxh3 10. Nd5 Qd7 11. Bc3 Bxc3 12. Nxc3 Nf6 13. Kg2 O-O 14. e4 Nh5
15. Nh4 Ng7 16. f4 f5 17. Nf3 Ne6 18. Ne2 Rab8 19. exf5 gxf5 20. d4 cxd4 21.
Nexd4 Ncxd4 22. Nxd4 Nxd4 23. Qxd4 b5 24. cxb5 Rxb5 25. b3 Qc6+ 26. Kg1 Qc5 27.
Rad1 Rc8 28. Rfe1 Kf7 29. Re2 Qxd4+ 30. Rxd4 Rc1+ 31. Kf2 a5 32. h3 h5 33. Rd3
Kf6 34. Rde3 e5 35. Rd3 Ke6 36. Red2 Rc6 37. fxe5 dxe5 38. Rd8 h4 39. g4 f4 40.
Rh8 Rc3 41. Rh6+ Ke7 42. Rh7+ Ke6 43. Rh6+ Ke7 44. Rh7+ Ke6 45. Rh6+ 1/2-1/2

[Event "TCh-FRA Top 12 2018"]
[Site "Brest FRA"]
[Date "2018.06.02"]
[Round "8.3"]
[Board "5"]
[White "Cossin, Sebastien"]
[Black "Relange, Eloi"]
[Result "0-1"]
[WhiteTitle "IM"]
[BlackTitle "GM"]
[WhiteElo "2498"]
[BlackElo "2455"]
[WhiteTeam "VANDOEUVRE-Echecs"]
[BlackTeam "Evry Grand Roque"]
[WhiteFideId "618802"]
[BlackFideId "600822"]
[EventDate "2018.05.26"]

1. d4 d6 2. c4 e5 3. Nc3 exd4 4. Qxd4 Nf6 5. g3 Nc6 6. Qd2 g6 7. b3 Bg7 8. Bb2
Bf5 9. Bg2 Nb4 10. Rd1 Qe7 11. Kf1 O-O 12. Bxb7 Rad8 13. Nd5 Nbxd5 14. cxd5 Bd7
15. h4 Rfe8 16. Nf3 Ne4 17. Qc2 Bf5 18. Rd3 Nxg3+ 19. fxg3 Bxd3 20. Qxd3 Bxb2
21. Bc6 Rf8 22. h5 f5 23. hxg6 hxg6 24. Ke1 Qf6 25. Kf2 Kg7 26. Qe3 f4 27. Qxa7
fxg3+ 28. Kg2 Qe7 29. Kxg3 Rf7 30. Kf2 Qe4 31. Kg3 Be5+ 32. Kg2 Qxe2+ 33. Qf2
Qxf2+ 34. Kxf2 Rdf8 0-1

[Event "TCh-FRA Top 12 2018"]
[Site "Brest FRA"]
[Date "2018.06.02"]
[Round "8.3"]
[Board "6"]
[White "Milliet, Sophie"]
[Black "Adrian, Claude"]
[Result "1-0"]
[WhiteTitle "IM"]
[BlackTitle "IM"]
[WhiteElo "2391"]
[BlackElo "2274"]
[WhiteTeam "Evry Grand Roque"]
[BlackTeam "VANDOEUVRE-Echecs"]
[WhiteFideId "623725"]
[BlackFideId "601071"]
[EventDate "2018.05.26"]

1. e4 e6 2. d4 d5 3. Nc3 Bb4 4. e5 Ne7 5. a3 Bxc3+ 6. bxc3 c5 7. Qg4 Nbc6 8.
Qxg7 Rg8 9. Qxh7 cxd4 10. Nf3 Qc7 11. Bf4 dxc3 12. Qd3 Rg4 13. g3 Ng6 14. Qxc3
Nxf4 15. h3 d4 16. Qc5 b6 17. Qd6 Qxd6 18. exd6 Rg8 19. Bb5 Bd7 20. gxf4 a6 21.
Be2 f6 22. O-O-O e5 23. Bc4 Rh8 24. fxe5 fxe5 25. Nxe5 Nxe5 26. Rhe1 Bxh3 27. f4
Kd7 28. fxe5 b5 29. Bd5 Rac8 30. Rxd4 Be6 31. Bxe6+ Kxe6 32. d7 Rcd8 33. Rd6+
Ke7 34. Rg1 Rh7 35. Rgg6 Rxd7 36. Rxd7+ Kxd7 37. Rxa6 Rh5 38. e6+ Ke7 39. Kb2
Rh3 40. c3 Re3 41. Kb3 Re4 42. Rb6 Rh4 43. Rxb5 Kxe6 44. Rb4 Rh8 45. Rd4 Rb8+
46. Kc2 Ke5 47. a4 Ra8 48. Kd3 Ra7 49. Kd2 Ra8 50. Kc2 Ra7 51. Kb3 Rb7+ 52. Rb4
Rh7 53. Rb6 Rh1 54. Kc4 Ra1 55. a5 Ra3 56. a6 Ra1 57. Kc5 Ra5+ 58. Kc6 Ke4 59.
Kb7 Rh5 60. a7 1-0

[Event "TCh-FRA Top 12 2018"]
[Site "Brest FRA"]
[Date "2018.06.02"]
[Round "8.3"]
[Board "7"]
[White "Steil-Antoni, Fiona"]
[Black "Brochet, Philippe"]
[Result "0-1"]
[WhiteTitle "WIM"]
[BlackTitle "IM"]
[WhiteElo "2200"]
[BlackElo "2409"]
[WhiteTeam "VANDOEUVRE-Echecs"]
[BlackTeam "Evry Grand Roque"]
[WhiteFideId "4001249"]
[BlackFideId "602469"]
[EventDate "2018.05.26"]

1. e4 c5 2. Nc3 e6 3. g3 Nc6 4. Bg2 Nf6 5. f4 d5 6. e5 Ng8 7. Nf3 Nh6 8. O-O Nf5
9. Ne2 h5 10. d3 Be7 11. c3 b5 12. d4 Qb6 13. Bh3 c4 14. Bxf5 exf5 15. Ne1 h4
16. Ng2 hxg3 17. hxg3 g6 18. Kf2 Be6 19. Rh1 O-O-O 20. Bd2 f6 21. exf6 Bxf6 22.
Ne3 Na5 23. Qf1 Nb7 24. Rxh8 Bxh8 25. Qg2 Nd6 26. a3 Ne4+ 27. Ke1 Re8 28. Ng1
Bxd4 29. cxd4 Qxd4 30. Bc1 Qc5 31. Nf3 d4 32. Nf1 Bd5 33. Ne5 Nf6 34. Qh2 Ng4
35. Qh7 Bc6 36. Qxg6 Nxe5 37. Qxe8+ Bxe8 38. fxe5 Qxe5+ 39. Kf2 Bh5 0-1

[Event "TCh-FRA Top 12 2018"]
[Site "Brest FRA"]
[Date "2018.06.02"]
[Round "8.3"]
[Board "8"]
[White "Leroy, Didier"]
[Black "Partac, Elena"]
[Result "1-0"]
[WhiteTitle "IM"]
[BlackTitle "WGM"]
[WhiteElo "2297"]
[BlackElo "2091"]
[WhiteTeam "Evry Grand Roque"]
[BlackTeam "VANDOEUVRE-Echecs"]
[WhiteFideId "610950"]
[BlackFideId "13901001"]
[EventDate "2018.05.26"]

1. e4 c5 2. Nf3 e6 3. b3 d6 4. Bb2 Nf6 5. Nc3 e5 6. g3 h6 7. Bg2 Be6 8. O-O Qd7
9. a4 Nc6 10. a5 Bh3 11. a6 b6 12. d3 O-O-O 13. Nd5 Nxd5 14. exd5 Ne7 15. c4 Ng6
16. b4 Bxg2 17. Kxg2 cxb4 18. Re1 f5 19. Nd2 h5 20. h4 Be7 21. Qa4 Bf6 22. Qxb4
f4 23. Qa4 Qxa4 24. Rxa4 Rhf8 25. Ne4 fxg3 26. fxg3 Be7 27. Bc1 Rf5 28. Be3 Kc7
29. Raa1 Rdf8 30. Nc3 Bxh4 31. Nb5+ Kb8 32. Nxd6 Rf3 33. Ne4 Bxg3 34. Nxg3 h4
35. Nh1 h3+ 36. Kh2 Nh4 37. Re2 Nf5 38. Rae1 Nh4 39. Ng3 Ng2 40. Rxg2 hxg2 41.
Kxg2 g5 42. Ne4 g4 43. Ng5 R3f5 44. Rh1 Rg8 45. Rh5 g3 46. Kxg3 Rf1 47. Rh7 Rd1
48. Rb7+ Ka8 49. Kf3 Ra1 50. Re7 Rxa6 51. d6 Ra3 52. Ke4 Kb8 53. d7 b5 54. Re8+ 1-0

[Event "TCh-FRA Top 12 2018"]
[Site "Brest FRA"]
[Date "2018.06.02"]
[Round "8.4"]
[Board "1"]
[White "Navara, David"]
[Black "Eljanov, Pavel"]
[Result "1/2-1/2"]
[WhiteTitle "GM"]
[BlackTitle "GM"]
[WhiteElo "2727"]
[BlackElo "2702"]
[WhiteTeam "MULHOUSE Philidor"]
[BlackTeam "NICE Alekhine"]
[WhiteFideId "309095"]
[BlackFideId "14102951"]
[EventDate "2018.05.26"]

1. c4 c6 2. Nf3 d5 3. e3 Nf6 4. Nc3 a6 5. d4 Bf5 6. Qb3 b5 7. c5 a5 8. Ne5 a4 9.
Qd1 g6 10. Be2 Bg7 11. O-O O-O 12. g4 Be6 13. f3 Nfd7 14. Nd3 f5 15. h3 Qc7 16.
Kg2 Bf7 17. f4 Nf6 18. Ne5 Be6 19. Bd2 Ne4 20. Nxe4 dxe4 21. gxf5 gxf5 22. Rg1
Nd7 23. Kh2 Nxe5 24. fxe5 Kh8 25. Qe1 Rg8 26. a3 Bf6 27. Qf2 Bg5 28. Rg2 Rg7 29.
Rag1 Rag8 30. Bf1 Qd8 31. h4 Bh6 32. Rxg7 Rxg7 33. Rxg7 Kxg7 34. Bh3 Qf8 35. Be1
Qf7 36. Qg1+ Kf8 37. Bg3 Ke8 38. Qf2 Qh5 39. Bf4 Bxf4+ 40. Qxf4 Qe2+ 41. Kg3 h5 1/2-1/2

[Event "TCh-FRA Top 12 2018"]
[Site "Brest FRA"]
[Date "2018.06.02"]
[Round "8.4"]
[Board "2"]
[White "Gharamian, Tigran"]
[Black "Bluebaum, Matthias"]
[Result "1/2-1/2"]
[WhiteTitle "GM"]
[BlackTitle "GM"]
[WhiteElo "2614"]
[BlackElo "2633"]
[WhiteTeam "NICE Alekhine"]
[BlackTeam "MULHOUSE Philidor"]
[WhiteFideId "13301527"]
[BlackFideId "24651516"]
[EventDate "2018.05.26"]

1. e4 e6 2. d4 d5 3. Nc3 Nf6 4. e5 Nfd7 5. f4 c5 6. Nf3 Nc6 7. Ne2 Be7 8. c3 O-O
9. Be3 b5 10. a3 a5 11. dxc5 Nxc5 12. Ned4 Nxd4 13. Bxd4 Bd7 14. Bd3 Qc7 15. O-O
b4 16. cxb4 Nxd3 17. Qxd3 axb4 18. Ng5 Bxg5 19. fxg5 bxa3 20. Rxa3 Rxa3 21. Qxa3
Bb5 22. Ra1 1/2-1/2

[Event "TCh-FRA Top 12 2018"]
[Site "Brest FRA"]
[Date "2018.06.02"]
[Round "8.4"]
[Board "3"]
[White "Istratescu, Andrei"]
[Black "Stevic, Hrvoje"]
[Result "0-1"]
[WhiteTitle "GM"]
[BlackTitle "GM"]
[WhiteElo "2589"]
[BlackElo "2588"]
[WhiteTeam "MULHOUSE Philidor"]
[BlackTeam "NICE Alekhine"]
[WhiteFideId "1200372"]
[BlackFideId "14502569"]
[EventDate "2018.05.26"]

1. e4 e5 2. Nf3 Nc6 3. Bb5 a6 4. Ba4 g6 5. d4 b5 6. Bb3 exd4 7. Nxd4 Na5 8. a4
b4 9. Bd5 c6 10. Ba2 Bg7 11. c3 c5 12. Nb3 Nb7 13. cxb4 cxb4 14. O-O Ne7 15.
N1d2 O-O 16. Nf3 d6 17. Bf4 Bxb2 18. Bh6 Bg7 19. Bxg7 Kxg7 20. Qd4+ Kg8 21. Qxb4
a5 22. Qd2 Nc6 23. Nbd4 Nb4 24. Nb5 Nxa2 25. Rxa2 Be6 26. Rc2 Bb3 27. Rcc1 Bxa4
28. Nc7 Rc8 29. Nd5 Bc6 30. Rxc6 Rxc6 31. Qb2 Nc5 32. Nf6+ Kh8 33. Nd7+ f6 34.
Nxf8 Qxf8 35. Qb5 Ra6 36. Rc1 Ra8 37. h4 a4 38. h5 gxh5 39. Nd4 a3 40. Ra1 a2
41. Qe2 Qf7 42. Qf3 Ra4 43. Nf5 Nb3 44. Nxd6 Qe6 45. Nf5 Nxa1 46. Qg3 Ra7 47.
Qb8+ Qg8 48. Qxa7 Nc2 0-1